| 000 | 01291nam a2200289 4500 | ||
|---|---|---|---|
| 005 | 20240305165430.0 | ||
| 007 | cr|||| ||| | ||
| 008 | 020306s2002 sp 000 0 spa d | ||
| 017 | _aD.L.B.4120-02 | ||
| 020 | _a8476586167 | ||
| 035 | _a12737 | ||
| 040 |
_aSpMaUCDE _dBUS _dvLex |
||
| 080 | _a340.6:572(042) | ||
| 090 |
_c5464 _d5464 |
||
| 245 | 0 | 0 |
_aAntropología jurídica _h[Recurso electrónico] : _bperspectivas socioculturales en el estudio del derecho / _cEsteban krotz (ed.) ; Victoria Chenaut... [et al.] |
| 256 | _aServicio en línea | ||
| 260 |
_aRubí (Barcelona) : _bAnthropos [etc.], _c2002. |
||
| 300 | _a1 recurso electrónico | ||
| 504 | _aBibliog. | ||
| 506 |
_aContenido disponible en los productos indicados _dvLex Global _dvLex Global (Academic Edition, excluding Law Schools) _dvLex Global (U.S. Academic Edition, Law Schools) _dvLex Global (U.S. Academic Edition, excluding Law Schools) _dvLex Global (Academic Edition, Law Schools) |
||
| 650 | 0 | 4 | _aAntropología legal. |
| 700 | 1 |
_aKrotz, Esteban, _eed. lit. |
|
| 700 | 1 |
_aChenaut, Victoria, _ecoaut. |
|
| 740 | 0 | _avLex Libros (Servicio en línea) | |
| 856 | 4 | 0 | _uhttps://app.vlex.com/#/sources/antropologia-juridica-perspectivas-socioculturales-en-el-estudio-del-derecho-12737 |
| 942 | _cRAA | ||
| 999 |
_c163805 _d163805 |
||